[Event "N1 Reykjavik Open 2014"]
[Site "Reykjavik, Iceland"]
[Date "2014.03.11"]
[Round "9.67"]
[White "Sigeman, Johan"]
[Black "Ferreira, Alex"]
[Result "1-0"]
[WhiteElo "2123"]
[BlackElo "1933"]
[EventDate "2014.03.04"]
[PlyCount "125"]

1. c4 e5 2. Nc3 Nf6 3. Nf3 Nc6 4. e3 Bb4 5. Qc2 O-O 6. Nd5 Re8 7. Qf5 d6 
8. Nxf6+ gxf6 9. Qc2 f5 10. a3 Bc5 11. b4 Bb6 12. Bb2 a6 13. Be2 Be6 14. 
h3 Ne7 15. g4 Qd7 16. Nh4 c5 17. Bd3 f6 18. Rg1 Kh8 19. f4 cxb4 20. axb4 
Rac8 21. fxe5 dxe5 22. g5 Rg8 23. Ke2 Nc6 24. gxf6 Qf7 25. Kf2 Nxb4 26. 
Qb3 Nxd3+ 27. Qxd3 Qxf6 28. Nf3 Bc7 29. Qc3 Rg6 30. Qxe5 Bxe5 31. Bxe5 Kg7
32. Bxf6+ Kxf6 33. d3 Rcg8 34. Rxg6+ hxg6 35. Rb1 Rd8 36. Nd4 Bc8 37. Rb6+
Kf7 38. Nf3 Rh8 39. Ne5+ Ke8 40. Rxg6 Ke7 41. Kg3 Be6 42. d4 Ra8 43. Rg7+ 
Kf6 44. Rxb7 a5 45. Kf4 a4 46. Rb2 a3 47. Ra2 Ra4 48. h4 Ra8 49. h5 Ra4 
50. h6 Ra8 51. h7 Kg7 52. d5 Bc8 53. c5 Kxh7 54. c6 Kg7 55. Kf3 Kf6 56. 
Nc4 Ra4 57. Nb6 Ra5 58. Nxc8 Rxd5 59. Rxa3 Rc5 60. Na7 Ke6 61. Rd3 Rc1 62.
 Nb5 Rc5 63. Rc3 1-0

[Event "N1 Reykjavik Open 2014"]
[Site "Reykjavik, Iceland"]
[Date "2014.03.11"]
[Round "9.68"]
[White "Opasiak, Dustin Tennessee"]
[Black "Berg, Runar"]
[Result "0-1"]
[WhiteElo "1812"]
[BlackElo "2117"]
[EventDate "2014.03.04"]
[PlyCount "0"]

1. e4 e6 2. d4 d5 3. Nc3 Bb4 4. e5 c5 5. a3 Bxc3+ 6. bxc3 Ne7 7. Qg4 cxd4 
8. Qxg7 Rg8 9. Qxh7 Qc7 10. Ne2 Nbc6 11. f4 dxc3 12. Qd3 d4 13. Nxd4 Nxd4 
14. Qxd4 Bd7 15. Rb1 Nf5 16. Qf2 Bc6 17. Rg1 Rd8 18. g4 Qd7 19. Bd3 Nd4 
20. Rg3 Qd5 21. Rb4 Qh1+ 22. Bf1 Qe4+ 23. Kd1 Nxc2+ 24. Bd3 Nxb4 0-1

[Event "N1 Reykjavik Open 2014"]
[Site "Reykjavik, Iceland"]
[Date "2014.03.11"]
[Round "9.69"]
[White "Stefansson, Vignir Vatnar"]
[Black "Vanheirzeele, Daniel"]
[Result "1-0"]
[WhiteElo "1844"]
[BlackElo "2116"]
[EventDate "2014.03.04"]
[PlyCount "80"]

1. d4 Nf6 2. c4 e6 3. Nf3 b6 4. g3 Ba6 5. Qc2 c5 6. d5 exd5 7. cxd5 g6 8. 
Nc3 Bg7 9. Bg2 O-O 10. O-O d6 11. Re1 Qe7 12. e4 Nbd7 13. a4 Ne8 14. Bf1 
Bxf1 15. Rxf1 Nc7 16. Nb5 Na6 17. Bf4 Nb4 18. Qe2 Ne5 19. Bxe5 dxe5 20. 
Rfd1 a6 21. Nc3 Rad8 22. Rac1 f5 23. Qc4 Kh8 24. h4 Bh6 25. Rb1 Rf6 26. 
Kg2 Rdf8 27. Nh2 a5 28. Nb5 Qd7 29. f3 g5 30. hxg5 Bxg5 31. Rf1 Qg7 32. 
exf5 Rxf5 33. Nd6 Rf4 34. gxf4 Be7+ 35. Kh1 Bxd6 36. f5 Rxf5 37. Qg4 Qf7 
38. Rbd1 Nc2 39. Qe4 Nd4 40. Qg4 Qxd5 1-0

[Event "N1 Reykjavik Open 2014"]
[Site "Reykjavik, Iceland"]
[Date "2014.03.11"]
[Round "9.70"]
[White "Hackner, Oskar A"]
[Black "Johansen, Arnt-Ole"]
[Result "1-0"]
[WhiteElo "2105"]
[BlackElo "1829"]
[EventDate "2014.03.04"]
[PlyCount "95"]

1. d4 d5 2. c4 c6 3. Nc3 Nf6 4. e3 Bf5 5. cxd5 cxd5 6. Qb3 Nc6 7. Qxb7 Bd7
8. Qb3 Rb8 9. Qd1 e5 10. Nf3 Bd6 11. dxe5 Nxe5 12. Be2 Qc7 13. Nd4 O-O 14.
 O-O Nc4 15. Bxc4 dxc4 16. h3 Qc5 17. e4 Rfe8 18. Re1 Qc7 19. Qc2 Qb7 20. 
Qe2 Bb4 21. f3 Rbc8 22. Be3 Bd6 23. Red1 Nh5 24. Qd2 Bb8 25. Nde2 Bc6 26. 
Bd4 Qc7 27. Qg5 g6 28. Kf2 a6 29. Rac1 Ba7 30. Qe3 Bb8 31. Qg5 Ba7 32. 
Bxa7 Qxa7+ 33. Kf1 Qb8 34. Rc2 Ng7 35. Nd4 Ba8 36. Rcd2 Re5 37. Qf4 Nh5 
38. Qh4 Rce8 39. Nde2 f5 40. Rd8 Qc7 41. exf5 Bc6 42. Qxc4+ Kh8 43. Rxe8+ 
Rxe8 44. Qd4+ Kg8 45. fxg6 Qh2 46. Qc4+ Kg7 47. Qxc6 Rf8 48. Rd7+ 1-0

[Event "N1 Reykjavik Open 2014"]
[Site "Reykjavik, Iceland"]
[Date "2014.03.11"]
[Round "9.71"]
[White "Fehr, Axel"]
[Black "Jorgensen, Line Jin"]
[Result "1-0"]
[WhiteElo "2101"]
[BlackElo "1923"]
[EventDate "2014.03.04"]
[PlyCount "0"]

1. c4 e5 2. Nc3 Nf6 3. Nf3 Nc6 4. d4 e4 5. Ng5 Bb4 6. g3 h6 7. Nh3 d5 8. 
Nf4 g5 9. Nxd5 Nxd5 10. cxd5 Qxd5 11. e3 Bg4 12. Qxg4 Nxd4 13. exd4 Qxd4 
14. Bd2 Rd8 15. Qxe4+ 1-0

[Event "N1 Reykjavik Open 2014"]
[Site "Reykjavik, Iceland"]
[Date "2014.03.11"]
[Round "9.72"]
[White "Jonsson, Gauti Pall"]
[Black "Bergsson, Stefan"]
[Result "1/2-1/2"]
[WhiteElo "1618"]
[BlackElo "2099"]
[EventDate "2014.03.04"]
[PlyCount "119"]

1. e4 e5 2. Nc3 Bc5 3. d3 Nf6 4. h3 d5 5. exd5 Nxd5 6. Nf3 O-O 7. Be2 Nc6 
8. O-O f6 9. Nxd5 Qxd5 10. Be3 Be6 11. c4 Qd6 12. Nd2 f5 13. Bxc5 Qxc5 14.
 Nb3 Qd6 15. f4 Rad8 16. fxe5 Qxe5 17. Nd2 Nd4 18. Rf2 Rfe8 19. Nf3 Qe3 
20. Nxd4 Rxd4 21. Qc1 Qg3 22. Rf3 Qe5 23. Re3 Qc5 24. b4 Qxb4 25. Rb1 Qc5 
26. Rb5 Qf8 27. Qb2 Qd6 28. Rxf5 Bxf5 29. Rxe8+ Kf7 30. Re3 b6 31. Rf3 Rf4
32. Rg3 g6 33. Qh8 Qd4+ 34. Qxd4 Rxd4 35. Kf2 Ke7 36. Ke3 c5 37. Rf3 Kd6 
38. g4 Be6 39. Rf8 h5 40. Rf6 Ke5 41. Rxg6 hxg4 42. hxg4 Rd7 43. g5 Rh7 
44. Rf6 Rg7 45. Rh6 Rxg5 46. Rh7 Rg3+ 47. Kf2 Rh3 48. Rxa7 Kf4 49. Re7 Bf5
50. Rf7 Rh2+ 51. Ke1 Ke3 52. Re7+ Kd4 53. Kd2 Rh7 54. Rxh7 Bxh7 55. Bf1 
Bg6 56. Be2 Bh7 57. Bf1 Bf5 58. Be2 Bh3 59. Bf3 Bf5 60. Be2 1/2-1/2

[Event "N1 Reykjavik Open 2014"]
[Site "Reykjavik, Iceland"]
[Date "2014.03.11"]
[Round "9.73"]
[White "Szalontay, Mihaly"]
[Black "Fridgeirsson, Dagur Andri"]
[Result "0-1"]
[WhiteElo "2066"]
[BlackElo "1803"]
[EventDate "2014.03.04"]
[PlyCount "98"]

1. e4 c5 2. c3 d5 3. exd5 Qxd5 4. d4 Nc6 5. Nf3 Nf6 6. Be2 g6 7. c4 Qd8 8.
 d5 Nb4 9. a3 Na6 10. O-O Bg7 11. Nc3 O-O 12. Bf4 Nh5 13. Be3 f5 14. Ng5 
f4 15. Bxh5 fxe3 16. Bg4 exf2+ 17. Kh1 Qb6 18. Bxc8 Raxc8 19. Qe2 Rf5 20. 
Qxe7 Rxg5 21. Qxg5 Qxb2 22. Ra2 Qxc3 23. Raxf2 Qxc4 24. Rf4 Qe2 25. d6 Qe6
26. d7 Qxd7 27. Rf7 Rf8 28. Rxf8+ Bxf8 29. Qf4 Bg7 30. Qc4+ Kh8 31. h4 Qd4
32. Qxd4 Bxd4 33. Rf8+ Kg7 34. Rd8 Kf6 35. Rd7 Ke6 36. Rxb7 c4 37. Rb1 c3 
38. Rc1 Kd5 39. g4 Kc4 40. Kg2 Kb3 41. Rd1 c2 42. Rxd4 c1=Q 43. Rd3+ Kc2 
44. Rf3 Nc5 45. Rf7 Qxa3 46. Rf2+ Kc3 47. Rf3+ Nd3 48. h5 gxh5 49. gxh5 
Qc5 0-1

[Event "N1 Reykjavik Open 2014"]
[Site "Reykjavik, Iceland"]
[Date "2014.03.11"]
[Round "9.74"]
[White "Abrahams, Daniel"]
[Black "Sigurdsson, Birkir Karl"]
[Result "1/2-1/2"]
[WhiteElo "2055"]
[BlackElo "1738"]
[EventDate "2014.03.04"]
[PlyCount "0"]

1. e4 e6 2. Qe2 c5 3. Nf3 Nc6 4. g3 g6 5. Na3 d6 6. c3 Bg7 7. Nc2 e5 8. 
Bg2 Nge7 9. O-O O-O 10. d4 cxd4 11. cxd4 Nxd4 12. Ncxd4 exd4 13. Rd1 Nc6 
14. Rb1 Re8 15. b4 a6 16. a4 d5 17. b5 dxe4 18. bxc6 exf3 19. Qxf3 bxc6 
20. Bb2 Bf5 21. Rbc1 Be4 22. Qg4 Bxg2 23. Kxg2 Qd5+ 24. Kg1 c5 25. Rd2 
Rac8 26. a5 Qe4 27. Qxe4 Rxe4 28. f3 Ree8 29. Rc4 Bh6 30. f4 g5 31. Rdc2 
d3 32. Rd2 gxf4 33. Rxd3 Re3 34. Rd6 Rb8 35. Bc3 Rb1+ 36. Kf2 Rc1 37. Rd8+
Bf8 38. Rxf4 Re6 39. Bd2 Rc2 40. Kf3 Rg6 41. Re4 Kg7 42. Ree8 Rd6 43. Bf4 
Rxd8 44. Rxd8 Ra2 1/2-1/2

[Event "N1 Reykjavik Open 2014"]
[Site "Reykjavik, Iceland"]
[Date "2014.03.11"]
[Round "9.75"]
[White "Mare, Eben"]
[Black "Olafsson, Thorvardur"]
[Result "0-1"]
[WhiteElo "1967"]
[BlackElo "2254"]
[EventDate "2014.03.04"]
[PlyCount "46"]

1. e4 e5 2. Bc4 Nf6 3. d4 exd4 4. Nf3 Nc6 5. e5 d5 6. Bb5 Ne4 7. Nxd4 Bc5 
8. Nxc6 Bxf2+ 9. Kf1 bxc6 10. Bxc6+ Kf8 11. c4 Ba6 12. Nd2 Qh4 13. b3 Rd8 
14. Nxe4 dxe4 15. Ba3+ Kg8 16. Qe2 Bd4 17. Bb2 Qf4+ 18. Ke1 Bxb2 19. Qxb2 
Qe3+ 20. Qe2 Qc3+ 21. Kf2 Rd2 22. Rhd1 Rxe2+ 23. Kxe2 g6 0-1

[Event "N1 Reykjavik Open 2014"]
[Site "Reykjavik, Iceland"]
[Date "2014.03.11"]
[Round "9.76"]
[White "Teh, Eu Wen Aron"]
[Black "Sigurdsson, Sverrir"]
[Result "1-0"]
[WhiteElo "2237"]
[BlackElo "1980"]
[EventDate "2014.03.04"]
[PlyCount "34"]

1. d4 d5 2. c4 e6 3. Nc3 c6 4. e3 Nf6 5. Nf3 Nbd7 6. Qc2 Bd6 7. Bd3 O-O 8.
 O-O e5 9. cxd5 cxd5 10. e4 exd4 11. Nxd5 Nxd5 12. exd5 Nf6 13. Bg5 h6 14.
 Bh4 g5 15. Bg3 Bxg3 16. hxg3 Qxd5 17. Bc4 Qc5 1-0

[Event "N1 Reykjavik Open 2014"]
[Site "Reykjavik, Iceland"]
[Date "2014.03.11"]
[Round "9.77"]
[White "Finnbogadottir, Tinna Kristin"]
[Black "Halldórsson, Jón Árni"]
[Result "0-1"]
[WhiteElo "1921"]
[BlackElo "2185"]
[EventDate "2014.03.04"]
[PlyCount "116"]

1. e4 e6 2. d3 d5 3. Nd2 c5 4. Ngf3 Nc6 5. g3 Bd6 6. Bg2 Nge7 7. O-O O-O 
8. Nh4 Bd7 9. f4 f6 10. c3 Be8 11. f5 dxe4 12. dxe4 Bf7 13. Bh3 exf5 14. 
Nxf5 Be5 15. Qg4 Nxf5 16. exf5 Qd3 17. Ne4 h5 18. Qf3 Qxf3 19. Rxf3 Bd5 
20. Re3 b6 21. Bg2 Ne7 22. Re1 Rad8 23. Rf1 Bc4 24. Be3 Bxf1 25. Rxf1 Rd3 
26. Bc1 Rfd8 27. Bf3 Rxf3 28. Rxf3 Rd1+ 29. Rf1 Rxf1+ 30. Kxf1 Nxf5 31. 
Kg2 g5 32. Kf3 Kf7 33. h3 Ne7 34. c4 Ke6 35. b3 Bd4 36. g4 h4 37. Nf2 Bxf2
38. Kxf2 Nc6 39. Kf3 Nb4 40. a3 Nc2 41. Ke4 a5 42. Bb2 Ne1 43. Bc3 Nc2 44.
 Bb2 Nd4 45. Bxd4 cxd4 46. b4 axb4 47. axb4 f5+ 48. gxf5+ Kf6 49. c5 bxc5 
50. bxc5 g4 51. hxg4 h3 52. Kf3 d3 53. c6 h2 54. Kg2 d2 55. c7 h1=Q+ 56. 
Kxh1 d1=Q+ 57. Kg2 Qc2+ 58. Kg3 Qb3+ 0-1

[Event "N1 Reykjavik Open 2014"]
[Site "Reykjavik, Iceland"]
[Date "2014.03.11"]
[Round "9.78"]
[White "Van Weersel, Arlette"]
[Black "Sigurjonsson, Siguringi"]
[Result "1-0"]
[WhiteElo "2176"]
[BlackElo "1948"]
[EventDate "2014.03.04"]
[PlyCount "89"]

1. e4 g6 2. d4 Bg7 3. Nc3 d6 4. Be3 a6 5. a4 b6 6. Nf3 Bb7 7. h3 Nd7 8. 
Bc4 e6 9. O-O Ne7 10. Qd2 h6 11. Nh2 d5 12. exd5 exd5 13. Ba2 Nf6 14. Rfe1
Kf8 15. Nf3 Nf5 16. Bf4 g5 17. Be5 Ne4 18. Qd3 Bxe5 19. dxe5 Ne7 20. Nxe4 
dxe4 21. Qb3 Bd5 22. c4 Be6 23. Rxe4 c5 24. Rd1 Qc7 25. Qc3 b5 26. Bb3 b4 
27. Qc1 Kg7 28. h4 Bf5 29. Ree1 g4 30. Nh2 Ng6 31. Bc2 Be6 32. Bxg6 fxg6 
33. b3 Rad8 34. Qf4 Rhf8 35. Qg3 h5 36. Rd6 Rxd6 37. exd6 Qd7 38. Qe5+ Rf6
39. Qxc5 Rf7 40. Qxb4 g3 41. fxg3 Qa7+ 42. c5 Bxb3 43. Qc3+ Kh7 44. Nf3 
Kg8 45. Re8+ 1-0

[Event "N1 Reykjavik Open 2014"]
[Site "Reykjavik, Iceland"]
[Date "2014.03.11"]
[Round "9.79"]
[White "Bjarnason, Saevar"]
[Black "Plater, Ronald"]
[Result "1-0"]
[WhiteElo "2101"]
[BlackElo "1938"]
[EventDate "2014.03.04"]
[PlyCount "0"]

1. d4 e6 2. Nf3 d5 3. c4 Nf6 4. Nc3 Be7 5. Bg5 O-O 6. e3 b6 7. cxd5 Nxd5 
8. Bxe7 Nxe7 9. Bd3 Bb7 10. O-O h6 11. Rc1 c6 12. Qe2 Nd7 13. Rfd1 Nf6 14.
 Ne4 Ned5 15. Ne5 Rc8 16. Nxf6+ Nxf6 17. Rc2 Qd6 18. Ba6 Bxa6 19. Qxa6 Rc7
20. Rdc1 Rfc8 21. Nd3 Ng4 22. g3 e5 23. h3 e4 24. hxg4 exd3 25. Qxd3 c5 
26. d5 Rd8 27. e4 Re7 28. Kg2 Qe5 29. f3 Rd6 30. a3 a5 31. Rh1 Rg6 32. Rh5
Qd6 33. Qe3 Rg5 34. Rxg5 hxg5 35. Qxg5 Re5 36. Qd2 f6 37. Qd3 Re7 38. Qb5 
Kf7 39. Rc1 Rc7 40. Rh1 Rc8 41. Qa6 Qd7 42. Qxb6 c4 43. Qxa5 Qb7 44. Qc3 
Qd7 45. Rc1 1-0

[Event "N1 Reykjavik Open 2014"]
[Site "Reykjavik, Iceland"]
[Date "2014.03.11"]
[Round "9.80"]
[White "Robson, Paul E"]
[Black "Restuccia, Francisco"]
[Result "0-1"]
[WhiteElo "1915"]
[BlackElo "2093"]
[EventDate "2014.03.04"]
[PlyCount "0"]

1. e4 c5 2. Nf3 d6 3. d4 cxd4 4. Qxd4 Nc6 5. Bb5 Bd7 6. Qd2 Nf6 7. Nc3 a6 
8. Bxc6 Bxc6 9. Qe3 e6 10. O-O Be7 11. Nd4 O-O 12. f4 Rc8 13. Nxc6 Rxc6 
14. Qf3 Qb6+ 15. Kh1 d5 16. exd5 exd5 17. Re1 Bb4 18. a3 Bxc3 19. bxc3 Ne4
20. Be3 Qb2 21. Bd4 Qxc2 22. Re2 Qb3 23. Qg4 Rg6 24. Qd7 Qc4 25. Rae1 Qc6 
26. Qh3 Ng3+ 27. hxg3 Rh6 28. Re7 Rxh3+ 29. gxh3 Qg6 30. Kg2 h5 31. R1e5 
f6 32. f5 Qh7 33. Rxd5 Kh8 34. Rdd7 Qxf5 35. Rxg7 Qe4+ 36. Kf2 Re8 37. 
Rh7+ Qxh7 38. Bxf6+ Kg8 39. Rxh7 Kxh7 40. g4 Kg6 41. Bd4 Re4 42. Kf3 Re8 
43. gxh5+ Kxh5 44. c4 Re6 45. c5 Kh4 46. Be3 Kxh3 47. Ke2 Kg4 48. Kd3 Kf3 
49. Bd4 Re2 50. Kc4 Ke4 51. Bc3 Rc2 52. Kb3 Kd3 53. Bb4 Rc1 54. Kb2 Rf1 
55. Kb3 Rf5 56. Ka4 Kc4 57. Ka5 Rxc5+ 58. Bxc5 Kxc5 59. Ka4 Kc4 60. Ka5 
Kb3 61. a4 Ka3 62. Kb6 Kxa4 63. Kxb7 a5 64. Kc6 Kb3 0-1

[Event "N1 Reykjavik Open 2014"]
[Site "Reykjavik, Iceland"]
[Date "2014.03.11"]
[Round "9.81"]
[White "Johannsdottir, Johanna Bjorg"]
[Black "Van der Merwe, Cecile H."]
[Result "0-1"]
[WhiteElo "1865"]
[BlackElo "2026"]
[EventDate "2014.03.04"]
[PlyCount "0"]

1. e4 c5 2. c3 Nf6 3. e5 Nd5 4. Bc4 Qc7 5. Nf3 e6 6. d4 cxd4 7. Bxd5 exd5 
8. Qxd4 b6 9. Bf4 Bc5 10. e6 Bxd4 11. exf7+ Kxf7 12. Bxc7 Re8+ 13. Kf1 
Ba6+ 14. Kg1 Bf6 15. Nbd2 Nc6 16. g3 d4 17. cxd4 Nxd4 18. Kg2 Bb7 19. Rhe1
Rxe1 20. Rxe1 Re8 21. Rxe8 Kxe8 22. b3 Ke7 23. Bf4 g5 24. Be3 g4 0-1

[Event "N1 Reykjavik Open 2014"]
[Site "Reykjavik, Iceland"]
[Date "2014.03.11"]
[Round "9.82"]
[White "Hansen, Lars-Henrik Bech"]
[Black "Sjol, Henrik"]
[Result "1-0"]
[WhiteElo "2022"]
[BlackElo "1853"]
[EventDate "2014.03.04"]
[PlyCount "0"]

1. e4 e5 2. Nf3 Nf6 3. Nxe5 d6 4. Nf3 Nxe4 5. Nc3 Nxc3 6. dxc3 Be7 7. Bd3 
Nd7 8. Qe2 Nc5 9. Bc4 Be6 10. Be3 Bxc4 11. Qxc4 Qd7 12. O-O-O Qa4 13. 
Qxa4+ Nxa4 14. Rhe1 Nc5 15. Bxc5 dxc5 16. Rd5 Kf8 17. Rd7 Bd6 18. Ne5 Ke8 
19. Rxf7 Bxe5 20. Rf5 Kd7 21. Rexe5 Rhf8 22. Rd5+ Ke6 23. Rfe5+ Kf6 24. 
Rxc5 Kg6 25. f3 c6 26. h4 h6 27. Rc4 Rfd8 28. Re7 Rd5 29. Rxb7 Re8 30. b3 
1-0

[Event "N1 Reykjavik Open 2014"]
[Site "Reykjavik, Iceland"]
[Date "2014.03.11"]
[Round "9.84"]
[White "Leosson, Atli Johann"]
[Black "Svensson, Lars-Ake"]
[Result "1/2-1/2"]
[WhiteElo "1759"]
[BlackElo "2007"]
[EventDate "2014.03.04"]
[PlyCount "0"]

1. e4 c5 2. Nf3 d6 3. Bb5+ Bd7 4. Bxd7+ Qxd7 5. O-O Nc6 6. b3 e5 7. d3 g6 
8. Nc3 Bg7 9. Rb1 Nge7 10. Ne2 O-O 11. c3 f5 12. exf5 Nxf5 13. Bb2 Rae8 
14. Nd2 d5 15. Ng3 Nh4 16. Ba3 b6 17. c4 Rd8 18. cxd5 Qxd5 19. Nde4 Nf5 
20. Qg4 Ncd4 21. Rbd1 Nxg3 22. hxg3 Qe6 23. Qxe6+ Nxe6 24. b4 cxb4 25. 
Bxb4 Rf7 26. f4 exf4 27. gxf4 Rxf4 28. Rxf4 Nxf4 29. Bd6 Nd5 30. Rf1 Bd4+ 
31. Kh1 Ne3 32. Rf3 Nf5 33. Bf4 Bg7 34. g4 Nd4 35. Rf2 Ne6 36. Bd6 Bd4 37.
 Rf1 Nc5 38. Bxc5 Bxc5 39. Rf3 Be7 40. Kg2 Rc8 41. Rf2 Rc1 42. Kf3 Kg7 43.
 d4 h6 44. Rd2 1/2-1/2

[Event "N1 Reykjavik Open 2014"]
[Site "Reykjavik, Iceland"]
[Date "2014.03.11"]
[Round "9.87"]
[White "Valtysson, Thor"]
[Black "Thorarensen, Adalsteinn"]
[Result "1-0"]
[WhiteElo "1998"]
[BlackElo "1737"]
[EventDate "2014.03.04"]
[PlyCount "0"]

1. d4 Nf6 2. Nf3 g6 3. Bf4 Bg7 4. e3 d5 5. h3 O-O 6. Bd3 c5 7. c3 Nc6 8. 
Nbd2 Re8 9. Ne5 cxd4 10. Nxc6 bxc6 11. cxd4 Qa5 12. O-O Nd7 13. Qc2 Bb7 
14. Nb3 Qb6 15. Rfd1 e5 16. Bg3 Rac8 17. Rac1 Ba6 18. Bxa6 Qxa6 19. Rd3 
exd4 20. exd4 Bh6 21. Rcd1 Qa4 22. Rc3 Nf6 23. Nc5 Qb5 24. Be5 Ne4 25. 
Nxe4 dxe4 26. Rc5 Qb6 27. Re1 e3 28. fxe3 f6 29. Bxf6 Qb4 30. Rc3 Re6 31. 
a3 Qb6 32. Bh4 Rce8 33. Bf2 Bg7 34. Rc4 Re4 35. Rxc6 Qa5 36. Rc8 Kh8 37. 
Rc1 Bh6 38. Qxe4 1-0

[Event "N1 Reykjavik Open 2014"]
[Site "Reykjavik, Iceland"]
[Date "2014.03.11"]
[Round "9.89"]
[White "Thiry, Jean-Christophe"]
[Black "Thorhallsson, Simon"]
[Result "1-0"]
[WhiteElo "1996"]
[BlackElo "1636"]
[EventDate "2014.03.04"]
[PlyCount "123"]

1. d4 d5 2. Bf4 Nf6 3. e3 e6 4. Nf3 Be7 5. Nbd2 O-O 6. Bd3 Nbd7 7. Ne5 
Nxe5 8. dxe5 Nd7 9. c3 f5 10. exf6 Nxf6 11. Nf3 Bd6 12. Qc2 c5 13. O-O c4 
14. Be2 Qc7 15. Bxd6 Qxd6 16. b3 cxb3 17. axb3 Bd7 18. c4 Bc6 19. Rfd1 Qe7
20. Ne5 Nd7 21. cxd5 Bxd5 22. Nxd7 Qxd7 23. e4 Qc6 24. Qxc6 Bxc6 25. f3 a6
26. Bc4 Kf7 27. Rd6 Rfe8 28. Rad1 Rac8 29. g3 Re7 30. Kf2 Bb5 31. Bxb5 
axb5 32. h4 Rc3 33. R1d3 Rc2+ 34. Ke3 Rg2 35. g4 e5 36. R3d5 h5 37. gxh5 
Rh2 38. Rxb5 Rxh4 39. Rdb6 Rxh5 40. Rxb7 Rg5 41. b4 Rxb7 42. Rxb7+ Ke8 43.
 Kd3 Rg3 44. Kc4 Rxf3 45. Rxg7 Rf1 46. Kd5 Rb1 47. Rb7 Kd8 48. Kxe5 Kc8 
49. Rb5 Kd7 50. Rd5+ Ke7 51. b5 Rb2 52. Kd4 Rb4+ 53. Kc5 Rxe4 54. b6 Re1 
55. Kc6 Rc1+ 56. Kb7 Ke6 57. Rd4 Ke5 58. Rd8 Ke6 59. Kb8 Rc4 60. b7 Ke7 
61. Rc8 Ra4 62. Kc7 1-0

[Event "N1 Reykjavik Open 2014"]
[Site "Reykjavik, Iceland"]
[Date "2014.03.11"]
[Round "9.90"]
[White "Ontiveros, John"]
[Black "Arvidsson, Jonas"]
[Result "0-1"]
[WhiteElo "1710"]
[BlackElo "1992"]
[EventDate "2014.03.04"]
[PlyCount "0"]

1. d4 Nf6 2. c4 c5 3. d5 b5 4. e3 b4 5. Nd2 g6 6. b3 Bg7 7. Bb2 O-O 8. Qc2
d6 9. Bd3 Nbd7 10. f4 a5 11. Ngf3 a4 12. Rd1 axb3 13. axb3 Ra2 14. Ra1 
Rxb2 15. Qxb2 Nxd5 16. Qb1 Nxe3 17. Kf2 Ng4+ 18. Kg3 Bxa1 19. Qxa1 Ndf6 
20. h3 Nh5+ 21. Kh4 Nf2 22. g4 e5+ 23. Ng5 Nxf4 24. Bc2 Nxh1 25. Qxh1 h6 
26. Kg3 Qxg5 27. Qf3 Nh5+ 0-1

[Event "N1 Reykjavik Open 2014"]
[Site "Reykjavik, Iceland"]
[Date "2014.03.11"]
[Round "9.91"]
[White "Petersson, Baldur Teodor"]
[Black "Michalowski, Peter"]
[Result "0-1"]
[WhiteElo "1624"]
[BlackElo "1985"]
[EventDate "2014.03.04"]
[PlyCount "52"]

1. e4 c5 2. Nf3 d6 3. d4 cxd4 4. Nxd4 Nf6 5. Nc3 a6 6. Be3 e5 7. Nb3 Be6 
8. Qd2 Be7 9. f3 O-O 10. O-O-O Qc7 11. g4 Rc8 12. Kb1 d5 13. Bf2 d4 14. 
Ne2 a5 15. g5 Nh5 16. f4 a4 17. Nbc1 Bb4 18. Qxb4 Qxc2+ 19. Ka1 Qxd1 20. 
Bg2 Qc2 21. f5 Bc4 22. Qxb7 Bxe2 23. Nxe2 Nc6 24. Rc1 Qxe2 25. a3 Rcb8 26.
 Bf3 Qxf2 0-1

[Event "N1 Reykjavik Open 2014"]
[Site "Reykjavik, Iceland"]
[Date "2014.03.11"]
[Round "9.92"]
[White "Raddatz, Michael"]
[Black "Tijssens, Rob"]
[Result "1/2-1/2"]
[WhiteElo "2044"]
[BlackElo "1782"]
[EventDate "2014.03.04"]
[PlyCount "0"]

1. e4 c5 2. Nf3 d6 3. d4 cxd4 4. Nxd4 Nf6 5. Nc3 a6 6. Bg5 e6 7. f4 Qb6 8.
 Qd2 Qxb2 9. Rb1 Qa3 10. Be2 Nc6 11. Nxc6 bxc6 12. O-O Be7 13. Kh1 O-O 14.
 Rf3 Qa5 15. Bd3 Ra7 16. Rh3 e5 17. f5 d5 18. Nxd5 Qxd2 19. Nxe7+ Rxe7 20.
 Bxd2 Rb7 21. Rxb7 Bxb7 22. Bb4 c5 23. Bxc5 Rc8 24. Be7 Nxe4 25. Kg1 f6 
26. Rh4 Nc3 27. Bc4+ Kh8 28. Be6 Re8 29. Bb4 Ne2+ 30. Kf2 Nf4 31. Bf7 Rc8 
32. Bb3 Nxg2 33. Rc4 Nf4 34. Bd2 Rxc4 35. Bxc4 Nd5 36. a4 Nb6 37. Bb3 Be4 
38. Ba5 Nd7 39. Ke3 Bxf5 40. Bb4 Nb8 41. c4 Be6 42. a5 Kg8 43. Kd3 Kf7 44.
 Ba4 Bd7 45. Bd1 Ke6 46. Bc5 Bc6 47. Bb3 Bb7 48. Bf8 g6 49. Bc5 Nc6 50. 
Bb6 Nb8 51. Bc7 Nc6 52. c5+ Kf5 53. Bd1 g5 54. Ke3 Nd4 55. Bd8 g4 56. Ba4 
Bc6 57. Bd1 h5 58. Be7 Nf3 59. h3 Nd4 60. hxg4+ hxg4 61. Bd8 g3 62. Be7 
Ke6 63. Bd8 g2 64. Kf2 Nf3 65. Kxg2 Nd4+ 66. Kf2 f5 67. Bc7 Kd5 68. Bb6 e4
69. Bh5 Kc4 70. Ke3 Ne6 71. Be2+ Kd5 72. Bxa6 f4+ 73. Kf2 e3+ 74. Kf3 Ke5+
75. Ke2 Nd4+ 76. Kf1 Nb5 77. Bc8 Kd4 78. Bd8 f3 79. Bf5 Be4 80. Bf6+ Kd3 
81. Bd7 Nd4 82. Bg5 e2+ 83. Kf2 Bd5 84. a6 Nc2 85. Bf5+ Kc3 86. Bf6+ Kd2 
87. Bg5+ Kd1 88. Bxc2+ Kxc2 89. Ke1 f2+ 90. Kxe2 Kb3 91. Kxf2 Kc4 92. Be7 
Kb5 93. a7 Ka6 94. Ke3 Kxa7 95. Kd4 Bc6 96. Ke5 1/2-1/2

[Event "N1 Reykjavik Open 2014"]
[Site "Reykjavik, Iceland"]
[Date "2014.03.11"]
[Round "9.93"]
[White "Hisnay, Gregory"]
[Black "Baldursson, Haraldur"]
[Result "1/2-1/2"]
[WhiteElo "1705"]
[BlackElo "2027"]
[EventDate "2014.03.04"]
[PlyCount "0"]

1. d4 Nf6 2. c4 e6 3. a3 d5 4. e3 Nbd7 5. Nf3 c6 6. cxd5 exd5 7. Bd3 Bd6 
8. Nc3 Qe7 9. Qc2 O-O 10. O-O Re8 11. Ng5 Bxh2+ 12. Kxh2 Ng4+ 13. Kg3 Qxg5
14. Bxh7+ Kh8 15. Qf5 Qh6 16. Qxg4 Nf6 17. Qh4 Nh5+ 18. Kh2 g5 19. e4 Qd6+
20. e5 gxh4 21. exd6 Kxh7 22. Bg5 Ng7 23. Rfe1 Bd7 24. Be7 Nf5 25. Rad1 
Be6 26. Re5 Kg6 27. Ne2 Nxe7 28. dxe7 Rxe7 29. Nf4+ Kg7 30. Rde1 Rae8 31. 
Nh5+ Kg6 32. Nf4+ Kf6 33. Nh5+ Kg6 34. Nf4+ Kf6 35. Nh5+ Kg6 1/2-1/2

[Event "N1 Reykjavik Open 2014"]
[Site "Reykjavik, Iceland"]
[Date "2014.03.11"]
[Round "9.94"]
[White "Carlsen, Henrik"]
[Black "Lee, Gudmundur Kristinn"]
[Result "1-0"]
[WhiteElo "2027"]
[BlackElo "1649"]
[EventDate "2014.03.04"]
[PlyCount "69"]

1. e4 e6 2. d4 d5 3. Nd2 c5 4. c3 Nf6 5. e5 Nfd7 6. Ne2 Nc6 7. f4 Be7 8. 
Nf3 f6 9. Be3 c4 10. g4 Nb6 11. Bg2 Bd7 12. O-O Qc7 13. Ng3 O-O-O 14. b4 
g6 15. a4 Kb8 16. exf6 Bxf6 17. Ne5 Rdf8 18. a5 Nc8 19. b5 Nxe5 20. dxe5 
Be7 21. b6 axb6 22. axb6 Nxb6 23. Qd4 Nc8 24. Rfb1 Bc6 25. Ne2 h6 26. Qd2 
Re8 27. Nd4 Bc5 28. Kh1 Nb6 29. Qa2 Na4 30. Qc2 Bxd4 31. Bxd4 Rhg8 32. 
Rxa4 Bxa4 33. Qxa4 Kc8 34. Rb6 Re7 35. Rb5 1-0

[Event "N1 Reykjavik Open 2014"]
[Site "Reykjavik, Iceland"]
[Date "2014.03.11"]
[Round "9.95"]
[White "Morkedal, Oyvind"]
[Black "Bjornsson, Eirikur K."]
[Result "0-1"]
[WhiteElo "1704"]
[BlackElo "1958"]
[EventDate "2014.03.04"]
[PlyCount "0"]

1. e4 c5 2. d4 cxd4 3. c3 dxc3 4. Nxc3 Nc6 5. Nf3 e6 6. Bc4 Qc7 7. O-O Nf6
8. Nb5 Qb8 9. e5 a6 10. exf6 axb5 11. fxg7 Bxg7 12. Bxb5 O-O 13. Bd3 f5 
14. Ng5 Qe5 15. Qh5 h6 16. Nf3 Qf6 17. h4 Ne7 18. Nh2 e5 19. g4 d5 20. g5 
hxg5 21. Bxg5 Qg6 22. Be2 Bf6 23. Qxg6+ Nxg6 24. Nf3 e4 25. Bxf6 exf3 26. 
Bxf3 Rxf6 27. Bxd5+ Be6 28. Bxb7 Rxa2 29. Rxa2 Bxa2 30. Ra1 Bc4 31. Ra8+ 
Kg7 32. h5 Ne5 33. Rb8 Rb6 34. Re8 Rxb7 35. Rxe5 Kf6 36. Rc5 Be6 37. Rc2 
Rb6 38. f4 Kg7 39. Kf2 Kh6 40. Ke3 Kxh5 41. Rh2+ Kg6 42. Kd4 Kf6 43. Kc5 
Rb3 44. Kd4 Ke7 45. Ke5 Rb5+ 46. Kd4 Kd6 47. Rd2 Rd5+ 48. Ke3 Rxd2 49. 
Kxd2 Kc5 50. Kc3 Bd5 51. b4+ Kb5 52. Kd4 Be4 0-1